000 00351nam a2200133Ia 4500
008 190216s9999||||xx |||||||||||||| ||und||
100 _aBarnard. Ak
245 0 _aInorganic Chemistry - Theoretical Basis
250 _a1st Ed.
260 _bTata Mcgraw Hill Publishing Company Ltd
_c1975
300 _a370
650 _aChemistry-Chemistry
942 _cBK
999 _c2017
_d2017